Detalles MARC
| 000 -CABECERA |
| campo de control de longitud fija |
01458nam a2200313 i 4500 |
| 001 - NÚMERO DE CONTROL |
| campo de control |
000047856 |
| 003 - IDENTIFICADOR DEL NÚMERO DE CONTROL |
| campo de control |
DO-SdBNP |
| 005 - FECHA Y HORA DE LA ÚLTIMA TRANSACCIÓN |
| campo de control |
20240923094212.0 |
| 007 - CAMPO FIJO DE DESCRIPCIÓN FÍSICA--INFORMACIÓN GENERAL |
| campo de control de longitud fija |
ta |
| 008 - DATOS DE LONGITUD FIJA--INFORMACIÓN GENERAL |
| campo de control de longitud fija |
180830e2011 dr ab ri 000 spa d |
| 020 ## - NÚMERO INTERNACIONAL ESTÁNDAR DEL LIBRO |
| Número Internacional Estándar del Libro |
9789993467670 |
| 040 ## - FUENTE DE LA CATALOGACIÓN |
| Centro catalogador/agencia de origen |
DO-SdBNP |
| Lengua de catalogación |
spa |
| Centro/agencia transcriptor |
BNPHU |
| Normas de descripción |
rda |
| 082 #4 - NÚMERO DE LA CLASIFICACIÓN DECIMAL DEWEY |
| Número de documento/Ítem |
B311 |
| Número de edición |
22 |
| 245 #0 - MENCIÓN DE TÍTULO |
| Título |
Basílica Catedral de Santo Domingo / |
| Mención de responsabilidad, etc. |
coordinación y edición, José Chez Checo ; edición, Yovanni Céspedes Turbí |
| 264 ## - PRODUCCIÓN, PUBLICACIÓN, DISTRIBUCIÓN, FABRICACIÓN Y COPYRIGHT |
| Producción, publicación, distribución, fabricación y copyright |
Santo Domingo : |
| Nombre del de productor, editor, distribuidor, fabricante |
Editora Arzobispado de la Ciudad Colonial, |
| Fecha de producción, publicación, distribución, fabricación o copyright |
2011. |
| 300 ## - DESCRIPCIÓN FÍSICA |
| Extensión |
606 páginas : |
| Otras características físicas |
ilustraciones ; mapas ; |
| Dimensiones |
40 cm. |
| 336 ## - TIPO DE CONTENIDO |
| Término de tipo de contenido |
texto |
| Código de tipo de contenido |
txt |
| Fuente |
rdacontent |
| 337 ## - TIPO DE MEDIO |
| Nombre/término del tipo de medio |
sin mediación |
| Código del tipo de medio |
n |
| Fuente |
rdamedia |
| 338 ## - TIPO DE SOPORTE |
| Nombre/término del tipo de soporte |
volumen |
| Código del tipo de soporte |
nc |
| Fuente |
rdacarrier |
| 500 ## - NOTA GENERAL |
| Nota general |
Fuentes de ilustraciones : páginas 589-598 |
| 504 ## - NOTA DE BIBLIOGRAFÍA, ETC. |
| Nota de bibliografía, etc. |
Bibliografía : páginas 573-588<br/> |
| 505 2# - NOTA DE CONTENIDO CON FORMATO |
| Título |
Presentación.- |
| 505 2# - NOTA DE CONTENIDO CON FORMATO |
| Nota de contenido con formato |
Presentación-- |
| Título |
Primera parte. Historia-- |
| -- |
Segunda parte. Arquitectura de la Catedral-- |
| -- |
Tercera parte. Restauración-- |
| -- |
Cuarta parte. La Catedral, su polígono y sus colecciones de Arte-- |
| -- |
Quinta parte. Marco Histórico de la Catedral Metropolitana 1504-2011-- |
| -- |
Fuentes: Documentos y bibliografía genearal-- |
| -- |
Fuentes de ilustraciones-- |
| -- |
Los autores. |
| 590 ## - NOTA LOCAL (RLIN) |
| Nota local |
Inventariado, 2024/BT |
| 700 1# - PUNTO DE ACCESO ADICIONAL--NOMBRE DE PERSONA |
| Nombre de persona |
Chez Checo, José, |
| Fechas asociadas al nombre |
1949- |
| Término indicativo de función/relación |
coordinación y edición. |
| Código de función/relación |
coord. y ed. |
| 9 (RLIN) |
10145 |
| 700 1# - PUNTO DE ACCESO ADICIONAL--NOMBRE DE PERSONA |
| Nombre de persona |
Céspedes Turbí, Yovanni, |
| Término indicativo de función/relación |
edición |
| Código de función/relación |
ed. |
| 9 (RLIN) |
86639 |
| 910 ## - DATOS DE OPCIÓN DEL USUARIO (OCLC) |
| Datos de opción del usuario |
Btavárez |
| 942 ## - ELEMENTOS DE PUNTO DE ACCESO ADICIONAL (KOHA) |
| Fuente del sistema de clasificación o colocación |
Dewey Decimal Classification |
| Tipo de ítem Koha |
Libro |